<?xml version="1.0" encoding="UTF-8"?><?xml-stylesheet type="text/xsl" href="static/style.xsl"?><OAI-PMH xmlns="http://www.openarchives.org/OAI/2.0/" xmlns:xsi="http://www.w3.org/2001/XMLSchema-instance" xsi:schemaLocation="http://www.openarchives.org/OAI/2.0/ http://www.openarchives.org/OAI/2.0/OAI-PMH.xsd"><responseDate>2026-06-07T23:48:12Z</responseDate><request verb="GetRecord" identifier="oai:docta.ucm.es:20.500.14352/17405" metadataPrefix="marc">https://docta.ucm.es/rest/oai/request</request><GetRecord><record><header><identifier>oai:docta.ucm.es:20.500.14352/17405</identifier><datestamp>2023-09-11T06:24:37Z</datestamp><setSpec>com_20.500.14352_14</setSpec><setSpec>col_20.500.14352_17</setSpec></header><metadata><record xmlns="http://www.loc.gov/MARC21/slim" xmlns:dcterms="http://purl.org/dc/terms/" xmlns:xsi="http://www.w3.org/2001/XMLSchema-instance" xmlns:doc="http://www.lyncode.com/xoai" xsi:schemaLocation="http://www.loc.gov/MARC21/slim http://www.loc.gov/standards/marcxml/schema/MARC21slim.xsd">
   <leader>00925njm 22002777a 4500</leader>
   <datafield ind2=" " ind1=" " tag="042">
      <subfield code="a">dc</subfield>
   </datafield>
   <datafield ind2=" " ind1=" " tag="720">
      <subfield code="a">López López, María Teresa</subfield>
      <subfield code="e">author</subfield>
   </datafield>
   <datafield ind2=" " ind1=" " tag="720">
      <subfield code="a">de Montalvo Jaaskelainen, Federico</subfield>
      <subfield code="e">author</subfield>
   </datafield>
   <datafield ind2=" " ind1=" " tag="720">
      <subfield code="a">Alonso Bedate, Carlos</subfield>
      <subfield code="e">author</subfield>
   </datafield>
   <datafield ind2=" " ind1=" " tag="720">
      <subfield code="a">Bellver Capella, Vicente</subfield>
      <subfield code="e">author</subfield>
   </datafield>
   <datafield ind2=" " ind1=" " tag="720">
      <subfield code="a">Cadena Serrano, Fidel</subfield>
      <subfield code="e">author</subfield>
   </datafield>
   <datafield ind2=" " ind1=" " tag="720">
      <subfield code="a">de los Reyes López, Manuel</subfield>
      <subfield code="e">author</subfield>
   </datafield>
   <datafield ind2=" " ind1=" " tag="720">
      <subfield code="a">Fernández Muñiz, Pablo Ignacio</subfield>
      <subfield code="e">author</subfield>
   </datafield>
   <datafield ind2=" " ind1=" " tag="720">
      <subfield code="a">Jouve de la Barreda, Nicolás</subfield>
      <subfield code="e">author</subfield>
   </datafield>
   <datafield ind2=" " ind1=" " tag="720">
      <subfield code="a">López Moratalla, Natalia</subfield>
      <subfield code="e">author</subfield>
   </datafield>
   <datafield ind2=" " ind1=" " tag="720">
      <subfield code="a">Nombela Cano, César</subfield>
      <subfield code="e">author</subfield>
   </datafield>
   <datafield ind2=" " ind1=" " tag="720">
      <subfield code="a">Romeo Casabona, Carlos María</subfield>
      <subfield code="e">author</subfield>
   </datafield>
   <datafield ind2=" " ind1=" " tag="720">
      <subfield code="a">Serrano Ruiz-Calderón, José Miguel</subfield>
      <subfield code="e">author</subfield>
   </datafield>
   <datafield ind2=" " ind1=" " tag="260">
      <subfield code="c">2018-05-19</subfield>
   </datafield>
   <datafield ind2=" " ind1=" " tag="520">
      <subfield code="a">El Comité de Bioética de España en su reunión plenaria del pasado 8 de mayo de 2017 acordó por unanimidad de los vocales presentes aprobar un Informe sobre los aspectos éticos y jurídicos de la maternidad subrogada, elaborado a iniciativa del propio Comité, dada la preocupación que suscitaba a sus miembros el debate presente en la opinión pública y en algunas instituciones sobre la conveniencia de regular o, al menos, dotar de legalidad, a los contratos de maternidad subrogada. Como se pone de manifiesto al inicio del Informe, la maternidad subrogada es uno de los temas bioéticos más controvertidos del momento por su carácter disruptivo sobre el modo en que la procreación humana, y las consecuentes relaciones de maternidad y filiación, han sido entendidas y reguladas hasta la actualidad, planteándose por primera vez en la historia la posibilidad de disociar la gestación de la maternidad. Ciertamente, no es un fenómeno nuevo, los primeros casos tuvieron lugar hace más de cuarenta años. Sin embargo, durante mucho tiempo tuvo un alcance limitado, no siendo hasta los últimos quince años cuando la práctica se ha extendido y, sobre todo, se ha internacionalizado. Los medios de comunicación se han venido haciendo eco de informaciones que han atraído la atención de la opinión pública, generando gran repercusión mediática los casos de personajes famosos que han recurrido a este medio para ser padres. En líneas generales, como se expone detalladamente en el Informe, son dos los principales problemas jurídicos que se plantean en España. El primero tiene que ver con el hecho de que la maternidad subrogada sea contraria a la ley nacional y, sin embargo, muchos españoles consigan ser padres recurriendo a ella en otros países donde es legal. ¿Se puede pretender que las leyes aprobadas en España tengan verdadera eficacia y que no solo sean de aplicación para quienes, por carecer de recursos y de temeridad, no pueden sortearlas en el extranjero? Hay otros ámbitos en los que los hechos son perseguibles, incluso penalmente, aunque se realicen en el extranjero.</subfield>
   </datafield>
   <datafield ind1="8" ind2=" " tag="024">
      <subfield code="a">https://hdl.handle.net/20.500.14352/17405</subfield>
   </datafield>
   <datafield ind2="0" ind1="0" tag="245">
      <subfield code="a">Informe del Comité de Bioética de España sobre los aspectos éticos y jurídicos de la maternidad subrogada</subfield>
   </datafield>
</record></metadata></record></GetRecord></OAI-PMH>